Policies for happiness
Gespeichert in:
| Weitere Verfasser: | , , , |
|---|---|
| Format: | Buch |
| Sprache: | Englisch |
| Veröffentlicht: |
New York
Oxford University Press
2016
|
| Schlagworte: | |
| Tags: |
Keine Tags, Fügen Sie das erste Tag hinzu!
|
MARC
| LEADER | 00000nam a2200000 4500 | ||
|---|---|---|---|
| 001 | 0233255 | ||
| 005 | 20230109072759.2 | ||
| 020 | |a 978-0-19-875873-0 | ||
| 041 | 0 | |a eng | |
| 044 | |a US | ||
| 245 | 1 | 0 | |a Policies for happiness |c edited by: Stefano Bartolini... [et al.] |
| 264 | 1 | |a New York |b Oxford University Press |c 2016 | |
| 300 | |a 291 s. | ||
| 610 | 2 | 0 | |a politika hospodárska |
| 610 | 2 | 0 | |a politika sociálna |
| 610 | 2 | 0 | |a dôsledky sociálne |
| 610 | 2 | 0 | |a úroveň životná |
| 610 | 2 | 0 | |a blahobyt |
| 610 | 2 | 0 | |a nezamestnanosť |
| 610 | 2 | 0 | |a vzťahy medziľudské |
| 610 | 2 | 0 | |a náboženstvo |
| 610 | 2 | 0 | |a politika verejná |
| 610 | 2 | 0 | |a riadenie sociálno-ekonomické |
| 610 | 2 | 0 | |a redukcia chudoby |
| 610 | 2 | 0 | |a psychológia |
| 610 | 2 | 0 | |a filozofia |
| 700 | 1 | |a Bartolini, Stefano | |
| 700 | 1 | |a Bilancini, Ennio | |
| 700 | 1 | |a Bruni, Luigino | |
| 700 | 1 | |a Porta, Luigi | |